000
00270nam a2200097Ia 4500
001
1103231
005
20250827003336.0
008
250824s9999 xx 000 0 und d
245
0
_a
HİÇBİR KARŞILAŞMA TESADÜF DEĞİLDİR
_c
HAKAN MENGÜÇ
260
_b
DESTEK YAYINLARI
999
_c
1103231
_d
1103231